[Event "Calvia Amateur op 16th"]
[Site "Calvia"]
[Date "2019.10.13"]
[Round "9"]
[White "Kamenik, Martin"]
[Black "Racasan, Sebastian"]
[Result "0-1"]
[WhiteElo "1959"]
[BlackElo "2093"]
[PlyCount "72"]
[EventDate "2019.10.05"]
[EventType "swiss"]
[EventRounds "9"]
[EventCountry "ESP"]
[SourceTitle "CBM 192 Extra"]
[Source "Chessbase"]
[SourceDate "2019.11.06"]
[SourceVersion "1"]
[SourceVersionDate "2019.11.06"]
[SourceQuality "1"]

1. e4 c5 2. Nc3 d6 3. f4 Nc6 4. Nf3 e5 5. fxe5 dxe5 6. Bc4 Be6 7. Bxe6 fxe6 8. 0-0 Be7 9. d3 Bf6 10. Be3 b6 11. Qd2 Nd4 12. a4 Ne7 13. g4 h6 14. Kh1 Nec6 15. Ne2 Nxe2 16. Qxe2 Nd4 17. Nxd4 cxd4 18. Qf2 0-0 19. Qg3 Rc8 20. Rf2 Qd6 21. h4 g5 22. Rh2 gxh4 23. Qg2 Qe7 24. Rg1 Kf7 25. g5 hxg5 26. Bxg5 Bxg5 27. Qxg5 Qxg5 28. Rxg5 Kf6 29. Rg4 Rh8 30. Rf2+ Ke7 31. Kh2 Kd6 32. Kh3 Rcf8 33. Rxf8 Rxf8 34. Kg2 Rc8 35. Rxh4 Rxc2+ 36. Kf1 Rxb2 0-1

[Event "Calvia Amateur op 16th"]
[Site "Calvia"]
[Date "2019.10.05"]
[Round "1"]
[White "Racasan, Sebastian"]
[Black "Vernuks, Vjaceslavs"]
[Result "1-0"]
[WhiteElo "2093"]
[BlackElo "1692"]
[PlyCount "53"]
[EventDate "2019.10.05"]
[EventType "swiss"]
[EventRounds "9"]
[EventCountry "ESP"]
[SourceTitle "CBM 192 Extra"]
[Source "Chessbase"]
[SourceDate "2019.11.06"]
[SourceVersion "1"]
[SourceVersionDate "2019.11.06"]
[SourceQuality "1"]

1. c4 Nf6 2. Nc3 g6 3. e4 d6 4. d4 Bg7 5. Nf3 0-0 6. Be2 c5 7. h3 cxd4 8. Nxd4 Nc6 9. Be3 Bd7 10. 0-0 a6 11. Rc1 Rc8 12. Qd2 Re8 13. Rfd1 Nxd4 14. Bxd4 Bc6 15. f3 Nd7 16. Be3 Nf6 17. b4 Bd7 18. c5 dxc5 19. e5 Nh5 20. Qxd7 Qxd7 21. Rxd7 cxb4 22. Nd5 Rxc1+ 23. Bxc1 e6 24. Nc7 Rc8 25. f4 Ng3 26. Bf3 Rb8 27. Be3 1-0

[Event "ROM-chT Div-A"]
[Site "Slanic Moldova"]
[Date "2011.10.07"]
[Round "7"]
[White "Florescu, Codrut Constantin"]
[Black "Racasan, Sebastian"]
[Result "1/2-1/2"]
[WhiteElo "2239"]
[BlackElo "2236"]
[PlyCount "38"]
[EventDate "2011.10.03"]
[EventType "team-tourn"]
[EventRounds "9"]
[EventCountry "ROU"]
[SourceTitle "CBM 144 Extra"]
[Source "ChessBase"]
[SourceDate "2011.10.28"]
[SourceVersion "1"]
[SourceVersionDate "2011.10.28"]
[SourceQuality "1"]

1. d4 Nf6 2. c4 e6 3. Nf3 b6 4. g3 Ba6 5. Nbd2 Be7 6. Bg2 Bb7 7. 0-0 0-0 8. b3 c5 9. Bb2 d6 10. Rc1 Nc6 11. e3 Rc8 12. Qe2 Qc7 13. e4 cxd4 14. Nxd4 Nxd4 15. Bxd4 Nd7 16. Bb2 Rfd8 17. Rc2 b5 18. Re1 a6 19. Nf1 b4 1/2-1/2

[Event "ROM-chT Div-A"]
[Site "Slanic Moldova"]
[Date "2011.10.06"]
[Round "5"]
[White "Ardeleanu, Alin"]
[Black "Racasan, Sebastian"]
[Result "1-0"]
[WhiteElo "2371"]
[BlackElo "2236"]
[PlyCount "99"]
[EventDate "2011.10.03"]
[EventType "team-tourn"]
[EventRounds "9"]
[EventCountry "ROU"]
[SourceTitle "CBM 144 Extra"]
[Source "ChessBase"]
[SourceDate "2011.10.28"]
[SourceVersion "1"]
[SourceVersionDate "2011.10.28"]
[SourceQuality "1"]

1. e4 e6 2. d4 d5 3. Nc3 dxe4 4. Nxe4 Bd7 5. Bd3 Bc6 6. Nf3 Nd7 7. 0-0 Ngf6 8. Neg5 Be7 9. Nxf7 Bxf3 10. Nxd8 Bxd1 11. Nxe6 Bg4 12. Nxc7+ Kf7 13. Nxa8 Rxa8 14. c4 Rc8 15. h3 Bh5 16. b3 Nb8 17. Bb2 Kf8 18. Rfe1 Bb4 19. Re5 Nc6 20. Rb5 Rc7 21. a3 Be7 22. Rg5 h6 23. Rg3 Bd6 24. Re3 Bf4 25. Re6 Bf7 26. Re2 Na5 27. g3 Nxb3 28. gxf4 Nxa1 29. Bxa1 Bxc4 30. Rc2 b5 31. d5 Nxd5 32. Be4 Rf7 33. Rxc4 bxc4 34. Bxd5 Rxf4 35. Bc3 g5 36. Kg2 Ke7 37. Bb4+ Kf6 38. Bd2 Rh4 39. f4 g4 40. hxg4 Rxg4+ 41. Kf3 h5 42. Bxc4 Rh4 43. Bc3+ Kf5 44. Bd3+ Ke6 45. Ke4 Rh3 46. Bd4 a5 47. a4 h4 48. f5+ Kf7 49. Bc4+ Kf8 50. f6 1-0

[Event "ROM-chT Div-A"]
[Site "Slanic Moldova"]
[Date "2011.10.05"]
[Round "4"]
[White "Racasan, Sebastian"]
[Black "Biro, Sandor"]
[Result "0-1"]
[WhiteElo "2236"]
[BlackElo "2294"]
[PlyCount "22"]
[EventDate "2011.10.03"]
[EventType "team-tourn"]
[EventRounds "9"]
[EventCountry "ROU"]
[SourceTitle "CBM 144 Extra"]
[Source "ChessBase"]
[SourceDate "2011.10.28"]
[SourceVersion "1"]
[SourceVersionDate "2011.10.28"]
[SourceQuality "1"]

1. e4 e5 2. Nf3 Nc6 3. d4 exd4 4. Nxd4 Qh4 5. Qd3 Nf6 6. Nd2 Ng4 7. g3 Qf6 8. N4f3 Bc5 9. Bg2 Bxf2+ 10. Ke2 Bb6 11. Qc4 Nd4+ 0-1

[Event "Centrocoop Sept op-A"]
[Site "Eforie Nord"]
[Date "1998.??.??"]
[Round "?"]
[White "Racasan, Sebastian"]
[Black "Ionescu, Irina"]
[Result "0-1"]
[WhiteElo "2240"]
[BlackElo "2345"]
[PlyCount "64"]
[EventDate "1998.09.??"]
[EventType "swiss"]
[EventRounds "11"]
[EventCountry "ROU"]
[SourceTitle "EXT 2000"]
[Source "ChessBase"]
[SourceDate "1999.11.16"]
[SourceVersion "1"]
[SourceVersionDate "1999.11.16"]
[SourceQuality "1"]

1. Nf3 d5 2. g3 c6 3. Bg2 Bg4 4. c4 Nf6 5. 0-0 Nbd7 6. cxd5 cxd5 7. Qa4 Bxf3 8. Bxf3 e6 9. Nc3 Be7 10. Qb5 0-0 11. d3 a6 12. Qb3 Rc8 13. a4 Nc5 14. Qa2 Qb6 15. Be3 Qb4 16. Bd2 Qb3 17. Qb1 d4 18. Nb5 e5 19. Na3 Nxa4 20. Nc4 b5 21. Nxe5 Rc2 22. Bc1 Rfc8 23. e3 dxe3 24. fxe3 Bd6 25. d4 Bxe5 26. dxe5 Nd5 27. Be4 Nxe3 28. Bxc2 Rxc2 29. Ra3 Qd5 30. Qxc2 Nxc2 31. Raf3 Nd4 32. Rd3 Ne2+ 0-1

[Event "Timisoara op"]
[Site "Timisoara"]
[Date "1995.??.??"]
[Round "4"]
[White "Berescu, Alin Mile"]
[Black "Racasan, Sebastian"]
[Result "1-0"]
[WhiteElo "2235"]
[BlackElo "2205"]
[PlyCount "81"]
[EventDate "1995.??.??"]
[EventType "swiss"]
[EventRounds "9"]
[EventCountry "ROU"]
[SourceTitle "EXT 1997"]
[Source "ChessBase"]
[SourceDate "1996.11.15"]
[SourceVersion "1"]
[SourceVersionDate "1996.11.15"]
[SourceQuality "1"]

1. e4 c5 2. Nf3 d6 3. d4 cxd4 4. Nxd4 Nf6 5. Nc3 e6 6. g4 h6 7. h4 Nc6 8. Rg1 h5 9. gxh5 Nxh5 10. Bg5 Nf6 11. Qd2 Qb6 12. Nb3 a6 13. 0-0-0 Bd7 14. Rg3 Qc7 15. Be2 0-0-0 16. f4 Be7 17. a3 Be8 18. Rd3 d5 19. exd5 Nxd5 20. Nxd5 Rxd5 21. Rxd5 exd5 22. Bxe7 Nxe7 23. h5 f6 24. Rh1 Bg6 25. Nd4 Be4 26. Rg1 g6 27. hxg6 Nxg6 28. f5 Nf4 29. Bf3 Qe5 30. Rf1 Bxf3 31. Nxf3 Qe4 32. Qc3+ Kb8 33. Qxf6 Re8 34. Kb1 Ne2 35. Qd6+ Ka8 36. f6 Rc8 37. f7 Qxc2+ 38. Ka1 Nc1 39. f8Q Rxf8 40. Qxf8+ Ka7 41. Qf4 1-0

[Event "ROM-chT"]
[Site "Romania"]
[Date "1994.??.??"]
[Round "?"]
[White "Racasan, Sebastian"]
[Black "Grigore, Nicolae Petre"]
[Result "0-1"]
[WhiteElo "2210"]
[BlackElo "2185"]
[PlyCount "112"]
[EventDate "1994.??.??"]
[EventType "team"]
[EventRounds "10"]
[EventCountry "ROU"]
[SourceTitle "EXT 1997"]
[Source "ChessBase"]
[SourceDate "1996.11.15"]
[SourceVersion "1"]
[SourceVersionDate "1996.11.15"]
[SourceQuality "1"]

1. d4 Nf6 2. c4 g6 3. Nc3 Bg7 4. e4 d6 5. Bd3 0-0 6. Nge2 Nc6 7. 0-0 e5 8. d5 Ne7 9. Ng3 Nd7 10. Bc2 f5 11. exf5 gxf5 12. Bg5 Nf6 13. Qb1 h6 14. Bd2 Qd7 15. a4 f4 16. Nge4 f3 17. gxf3 Nh5 18. Ng3 Qh3 19. Nxh5 Qxh5 20. f4 Qg4+ 21. Kh1 Qf3+ 22. Kg1 Bh3 23. Be4 Qg4+ 24. Kh1 Bxf1 25. Qxf1 exf4 26. f3 Qh5 27. Qd3 a6 28. Ne2 Be5 29. Rg1+ Kh8 30. Rg4 Rf6 31. Bc3 Raf8 32. a5 Bxc3 33. Qxc3 Qe5 34. Qxe5 dxe5 35. Rg1 c6 36. Rd1 Rd8 37. Nc3 cxd5 38. cxd5 Nc8 39. Na4 Nd6 40. Nc5 Rf7 41. Bd3 Rc8 42. b4 Rfc7 43. Rc1 Rg8 44. Re1 Rcg7 45. Ne4 Nxe4 46. Bxe4 Rd8 47. Rc1 Kg8 48. Rc5 Kf8 49. h4 Ke7 50. Rc1 Kf6 51. Rb1 Rc8 52. Kh2 Rcg8 53. Rb2 Rg1 54. b5 axb5 55. Rxb5 R8g2+ 56. Kh3 Rf2 0-1

[Event "ROM-chT"]
[Site "Romania"]
[Date "1994.??.??"]
[Round "?"]
[White "Racasan, Sebastian"]
[Black "Milu, Romeo Sorin"]
[Result "0-1"]
[WhiteElo "2210"]
[BlackElo "2430"]
[PlyCount "86"]
[EventDate "1994.??.??"]
[EventType "team"]
[EventRounds "10"]
[EventCountry "ROU"]
[SourceTitle "EXT 1997"]
[Source "ChessBase"]
[SourceDate "1996.11.15"]
[SourceVersion "1"]
[SourceVersionDate "1996.11.15"]
[SourceQuality "1"]

1. d4 Nf6 2. c4 g6 3. Nc3 Bg7 4. e4 d6 5. Nf3 0-0 6. Be2 e5 7. d5 a5 8. Bg5 h6 9. Bxf6 Qxf6 10. Qd2 Na6 11. Rg1 Qf4 12. 0-0-0 Bd7 13. Kb1 a4 14. g3 Qf6 15. Qe3 Nc5 16. Ne1 Qg5 17. Qxg5 hxg5 18. g4 Bf6 19. Nd3 Nxd3 20. Rxd3 Kg7 21. Rc1 Bd8 22. h3 Ra5 23. Rg3 Be7 24. Nb5 c6 25. Nc3 Rfa8 26. Rd1 Rc5 27. Rc1 Be8 28. Rd1 Kf8 29. Rc1 Bd8 30. Rd1 Ke7 31. Rf3 Rca5 32. Rfd3 Bc7 33. R3d2 Rd8 34. Bf1 Bb6 35. f3 Bc5 36. a3 Raa8 37. Ka2 Bd7 38. Rg2 Bd4 39. Ne2 c5 40. Rh2 b5 41. Nxd4 exd4 42. Rf2 Rh8 43. Rh2 Kf6 0-1

[Event "ROM-chT"]
[Site "Romania"]
[Date "1994.??.??"]
[Round "?"]
[White "Szuhanek, Ranko"]
[Black "Racasan, Sebastian"]
[Result "0-1"]
[WhiteElo "2325"]
[BlackElo "2210"]
[PlyCount "28"]
[EventDate "1994.??.??"]
[EventType "team"]
[EventRounds "10"]
[EventCountry "ROU"]
[SourceTitle "EXT 1997"]
[Source "ChessBase"]
[SourceDate "1996.11.15"]
[SourceVersion "1"]
[SourceVersionDate "1996.11.15"]
[SourceQuality "1"]

1. c4 e5 2. Nc3 Nc6 3. Nf3 f5 4. d3 Nf6 5. g3 Bc5 6. Bg2 d6 7. 0-0 0-0 8. Na4 Qe7 9. Nxc5 dxc5 10. e4 fxe4 11. Ng5 Bg4 12. Qd2 Nd4 13. Nxe4 Nxe4 14. Bxe4 Bf3 0-1

[Event "Bucharest schev"]
[Site "Bucharest"]
[Date "1993.??.??"]
[Round "?"]
[White "Kazakov, Mikhail"]
[Black "Racasan, Sebastian"]
[Result "1/2-1/2"]
[WhiteElo "2265"]
[BlackElo "2215"]
[PlyCount "46"]
[EventDate "1993.??.??"]
[EventType "schev"]
[EventRounds "11"]
[EventCountry "ROU"]
[SourceTitle "EXT 1997"]
[Source "ChessBase"]
[SourceDate "1996.11.15"]
[SourceVersion "1"]
[SourceVersionDate "1996.11.15"]
[SourceQuality "1"]

1. Nf3 Nf6 2. g3 d6 3. Bg2 e5 4. d3 g6 5. 0-0 Bg7 6. e4 0-0 7. Nbd2 Nc6 8. c3 h6 9. b4 Nh7 10. b5 Ne7 11. Bb2 Be6 12. d4 a6 13. a4 exd4 14. cxd4 Qe8 15. Qe2 axb5 16. axb5 Ba2 17. Rfc1 Qd7 18. Qd3 Be6 19. Bc3 c5 20. e5 Rfc8 21. Nb3 b6 22. Bb4 Bf8 23. Ne1 Nf5 1/2-1/2

[Event "Bucharest schev"]
[Site "Bucharest"]
[Date "1993.??.??"]
[Round "?"]
[White "Racasan, Sebastian"]
[Black "Ciolac, Gheorghe"]
[Result "0-1"]
[WhiteElo "2215"]
[BlackElo "2380"]
[PlyCount "94"]
[EventDate "1993.??.??"]
[EventType "schev"]
[EventRounds "11"]
[EventCountry "ROU"]
[SourceTitle "EXT 1997"]
[Source "ChessBase"]
[SourceDate "1996.11.15"]
[SourceVersion "1"]
[SourceVersionDate "1996.11.15"]
[SourceQuality "1"]

1. d4 Nf6 2. c4 e6 3. Nf3 b6 4. g3 Bb7 5. Bg2 Bb4+ 6. Nbd2 0-0 7. 0-0 d5 8. Ne5 Be7 9. Qa4 c6 10. Ndf3 a5 11. Bf4 dxc4 12. Qxc4 Nd5 13. Rfd1 Ra7 14. a3 Ba6 15. Qc2 Nxf4 16. gxf4 Rc7 17. Rac1 g6 18. e4 Bd6 19. Qb3 Be2 20. Rd2 Bxf3 21. Qxf3 Bxe5 22. fxe5 Qg5 23. Qd1 Rd8 24. Rc3 Nd7 25. Rg3 Qf4 26. Rg4 Qh6 27. f4 Kh8 28. Rd3 f5 29. exf5 exf5 30. Rg5 Nf8 31. Qb3 Qg7 32. h3 Qe7 33. d5 cxd5 34. Rxd5 Rxd5 35. Bxd5 Rc1+ 36. Kh2 Qc5 37. Qf3 Rc2+ 38. Rg2 Rxg2+ 39. Kxg2 Qd4 40. b3 Qb2+ 41. Qf2 Qc3 42. Qf3 Qd2+ 43. Kg3 g5 44. Bf7 Kg7 45. Be6 Nxe6 46. fxg5 Qxg5+ 47. Kh2 Kf8 0-1

[Event "Bucharest schev"]
[Site "Bucharest"]
[Date "1993.??.??"]
[Round "?"]
[White "Racasan, Sebastian"]
[Black "Khachiyan, Melikset"]
[Result "1-0"]
[WhiteElo "2215"]
[BlackElo "2415"]
[PlyCount "105"]
[EventDate "1993.??.??"]
[EventType "schev"]
[EventRounds "11"]
[EventCountry "ROU"]
[SourceTitle "EXT 1997"]
[Source "ChessBase"]
[SourceDate "1996.11.15"]
[SourceVersion "1"]
[SourceVersionDate "1996.11.15"]
[SourceQuality "1"]

1. e4 c5 2. Nc3 g6 3. g3 Bg7 4. Bg2 Nc6 5. f4 Rb8 6. Nge2 e6 7. 0-0 Nge7 8. d3 0-0 9. g4 f5 10. gxf5 exf5 11. Ng3 Nd4 12. Nce2 d5 13. c3 Nxe2+ 14. Qxe2 fxe4 15. dxe4 d4 16. Qc4+ Kh8 17. e5 dxc3 18. Qxc5 cxb2 19. Bxb2 b6 20. Qa3 Bb7 21. Rad1 Qe8 22. Ne4 Nf5 23. Nd6 Nxd6 24. Rxd6 Bxg2 25. Kxg2 Qb5 26. Rf2 Rbd8 27. e6 Bxb2 28. Rxb2 Qf5 29. Rf2 Qe4+ 30. Kg3 Rxd6 31. Qxd6 Re8 32. Qe5+ Qxe5 33. fxe5 Rxe6 34. Kf4 Kg7 35. Ke4 Re8 36. Rc2 g5 37. Kd5 Rd8+ 38. Ke6 Kg6 39. Rf2 g4 40. Ke7 Rd3 41. e6 Kg5 42. Re2 h5 43. Kf7 h4 44. e7 Rd7 45. Ke6 Rxe7+ 46. Kxe7 Kf4 47. Kd6 Kf3 48. Rc2 g3 49. hxg3 hxg3 50. Kc6 g2 51. Rc1 Kf2 52. Kb7 a5 53. Kxb6 1-0

[Event "Bucharest schev"]
[Site "Bucharest"]
[Date "1993.??.??"]
[Round "?"]
[White "Racasan, Sebastian"]
[Black "Negulescu, Adrian"]
[Result "0-1"]
[WhiteElo "2215"]
[BlackElo "2425"]
[PlyCount "80"]
[EventDate "1993.??.??"]
[EventType "schev"]
[EventRounds "11"]
[EventCountry "ROU"]
[SourceTitle "EXT 1997"]
[Source "ChessBase"]
[SourceDate "1996.11.15"]
[SourceVersion "1"]
[SourceVersionDate "1996.11.15"]
[SourceQuality "1"]

1. Nf3 c5 2. e4 d6 3. d4 cxd4 4. Nxd4 Nf6 5. Nc3 a6 6. Bg5 Nc6 7. Qd2 Bd7 8. Bxf6 gxf6 9. 0-0-0 h5 10. Kb1 Bh6 11. Qe1 Nxd4 12. Rxd4 Qb6 13. Rd5 Bf4 14. Rd3 Be5 15. f4 Bd4 16. Qd2 e5 17. Be2 h4 18. Nd1 Bc6 19. Bf3 a5 20. c3 Bc5 21. Ne3 Bxe3 22. Rxe3 Ke7 23. Re2 Bb5 24. Ree1 Rac8 25. Rd1 a4 26. a3 Bc4 27. fxe5 fxe5 28. Bg4 Rcg8 29. h3 f6 30. Rhe1 Rd8 31. Rf1 d5 32. exd5 Bxd5 33. Qf2 Be4+ 34. Kc1 Rxd1+ 35. Bxd1 Qxf2 36. Rxf2 Rg8 37. Bg4 Rg5 38. Kd2 f5 39. Ke3 Ke6 40. Bf3 Rg3 0-1

[Event "Odorheiu Secuiesc op"]
[Site "Odorheiu Secuiesc"]
[Date "1993.??.??"]
[Round "6"]
[White "Racasan, Sebastian"]
[Black "Pessi, Emil George"]
[Result "1-0"]
[WhiteElo "2215"]
[BlackElo "2325"]
[PlyCount "73"]
[EventDate "1993.05.??"]
[EventType "swiss"]
[EventRounds "11"]
[EventCountry "ROU"]
[SourceTitle "TD"]
[Source "ChessBase"]
[SourceDate "1994.03.01"]
[SourceVersion "1"]
[SourceVersionDate "1994.03.01"]
[SourceQuality "1"]

1. Nf3 Nf6 2. c4 g6 3. Nc3 Bg7 4. g3 0-0 5. Bg2 c5 6. 0-0 Nc6 7. d4 cxd4 8. Nxd4 Qb6 9. Nc2 d6 10. b3 Bf5 11. Bb2 Rac8 12. Ne3 Be6 13. Qd2 a6 14. Rfd1 Ne5 15. Rac1 Neg4 16. Na4 Qa7 17. Bd4 Qb8 18. Qb4 Nxe3 19. Bxe3 b5 20. cxb5 axb5 21. Nb6 Rxc1 22. Rxc1 Ng4 23. Qxb5 Nxe3 24. fxe3 d5 25. Qc5 Qa7 26. a4 Bh6 27. b4 Qa6 28. Kf2 Rd8 29. Rd1 Rd6 30. a5 Bg4 31. Bf3 Be6 32. Nxd5 Bxd5 33. Rxd5 Re6 34. Re5 Rxe5 35. Qxe5 Qc4 36. Qc5 Qb3 37. a6 1-0

[Event "Odorheiu Secuiesc op"]
[Site "Odorheiu Secuiesc"]
[Date "1993.??.??"]
[Round "4"]
[White "Racasan, Sebastian"]
[Black "Vlad, Decebal"]
[Result "0-1"]
[WhiteElo "2215"]
[BlackElo "2405"]
[PlyCount "78"]
[EventDate "1993.05.??"]
[EventType "swiss"]
[EventRounds "11"]
[EventCountry "ROU"]
[SourceTitle "TD"]
[Source "ChessBase"]
[SourceDate "1994.03.01"]
[SourceVersion "1"]
[SourceVersionDate "1994.03.01"]
[SourceQuality "1"]

1. e4 c5 2. Nf3 Nc6 3. d4 cxd4 4. Nxd4 e5 5. Nb5 d6 6. c4 Be7 7. Be2 Be6 8. N1c3 a6 9. Na3 Nd4 10. Be3 Nxe2 11. Qxe2 Nf6 12. h3 0-0 13. 0-0 Rc8 14. Rfd1 Qa5 15. Rac1 Qb4 16. Bg5 h6 17. Bh4 Rcd8 18. Ncb1 g5 19. Bg3 b5 20. Qd2 a5 21. f3 bxc4 22. Be1 d5 23. exd5 Nxd5 24. Qe2 Qc5+ 25. Bf2 Nf4 26. Qe4 Qb4 27. Rxd8 Rxd8 28. Nxc4 Bxc4 29. Rxc4 Rd1+ 30. Kh2 Qxb2 31. Qa8+ Rd8 32. Qa7 Bb4 33. Qb6 Rd6 34. Qb8+ Kg7 35. Qa7 Qxb1 36. Qe3 Qf5 37. g4 Qe6 38. Re4 Rd2 39. a3 Qa2 0-1